[Event "Wichern op"]
[Site "Hamburg"]
[Date "1993.??.??"]
[Round "5"]
[White "Dabrowska, Krystyna"]
[Black "Miezis, Normunds"]
[Result "1-0"]
[WhiteElo "2240"]
[BlackElo "2410"]

1.e4 c5 2.Nf3 e6 3.d4 cxd4 4.Nxd4 a6 5.Nc3 Qc7 6.g3 Bb4 7.Ne2 Nf6 8.Bg2 Nc6
9.O-O O-O 10.h3 Rd8 11.Bf4 d6 12.a3 Bc5 13.g4 Ne5 14.Bg5 Qe7 15.Kh1 Ng6 16.Nf4 h6
17.Nxg6 fxg6 18.Bd2 e5 19.g5 hxg5 20.Bxg5 Be6 21.Nd5 Bxd5 22.exd5 Rf8 23.Qd3 Qf7
24.f4 e4 25.Bxe4 Nxe4 26.Qxe4 Rae8 27.Qg2 Qf5 28.Rae1 Kh7 29.b4 Be3 30.Re2 Bd4
31.Rfe1 Rc8 32.Be7 Rh8 33.Bxd6 Rc3 34.Kh2 Rd8 35.Be5 Bxe5 36.fxe5 Qf4+ 37.Kh1 Rg3
38.Re4 Qg5 39.h4 Rxg2 40.hxg5 Rxg5 41.d6 Rh5+ 42.Kg2 Rf8 43.Rh1  1-0

[Event "Harkany op"]
[Site "Harkany"]
[Date "1993.??.??"]
[Round "4"]
[White "Amrein, Roland"]
[Black "Robovic, Saudin"]
[Result "0-1"]
[WhiteElo "2195"]
[BlackElo "2360"]

1.e4 c5 2.Nf3 e6 3.d4 cxd4 4.Nxd4 a6 5.Nc3 Qc7 6.Be2 b5 7.O-O Bb7 8.Bd3 Nc6
9.Nxc6 dxc6 10.e5 Qxe5 11.Re1 Qc7 12.Qh5 O-O-O 13.Bg5 Nf6 14.Bxf6 gxf6 15.Ne4 Rd5
16.Qh3 Be7 17.a4 f5 18.Nc3 Rd4 19.axb5 axb5 20.Bxb5 Rh4 21.Qg3 cxb5 22.Qg7 Qxh2+
23.Kf1 Rd8 24.Nxb5 Qh1+ 25.Ke2 Re4+  0-1

[Event "Harkany op"]
[Site "Harkany"]
[Date "1993.??.??"]
[Round "7"]
[White "Tatar Kis, Szabolcs"]
[Black "Kozlov, Oleg"]
[Result "0-1"]
[WhiteElo "2235"]
[BlackElo "2405"]

1.e4 c5 2.Nf3 e6 3.d4 cxd4 4.Nxd4 a6 5.Nc3 b5 6.a4 b4 7.Nb1 Bb7 8.Bd3 Nf6
9.Qe2 d5 10.e5 Nfd7 11.Nxe6 Qb6 12.Ng5 Nc5 13.O-O Nxd3 14.cxd3 Be7 15.Nf3 Nc6
16.Nbd2 Na5 17.b3 Rc8 18.Bb2 Rc2 19.Bd4 Bc5 20.Bxc5 Qxc5 21.e6 f6 22.d4 Qc3
23.Qd1 Ke7 24.Re1 Rc8 25.Nh4 g6 26.Nf5+ gxf5 27.Qh5 Bc6 28.Qf7+ Kd6 29.e7 Re8
30.Qxf6+ Kc7 31.Qe5+ Kb7 32.Nc4 Nxc4 33.bxc4 dxc4 34.Qc5 Rd2 35.Rac1 Qxd4
36.Qxb4+  0-1

[Event "Heraklio op"]
[Site "Heraklio"]
[Date "1993.??.??"]
[Round "8"]
[White "Zygouris, Hristos"]
[Black "Averkin, Orest N"]
[Result "1/2-1/2"]
[WhiteElo "2235"]
[BlackElo "2500"]

1.e4 c5 2.Nf3 e6 3.d4 cxd4 4.Nxd4 a6 5.Nc3 Qc7 6.g3 Bb4 7.Ne2 Nf6 8.Bg2 Nc6
9.O-O Be7 10.h3 O-O 11.g4 d6 12.Ng3 b5 13.g5 Nd7 14.a3 Re8 15.f4 Bf8 16.Kh1 Rb8
17.f5 Nce5 18.h4 b4 19.axb4 Rxb4 20.h5 g6 21.hxg6 hxg6 22.f6 d5 23.Rf4 d4
24.Qg1 dxc3 25.Qh2 Nxf6 26.gxf6 g5 27.bxc3 Qxc3 28.Ra3 Qxc2 29.Rf1 Ng6 30.Qh5 Rb5
31.Nf5 g4 32.Nh6+ Kh7 33.Nf5+ Kg8 34.Nh6+ Kh7 35.Nf5+  1/2-1/2

[Event "Hlinsko op"]
[Site "Hlinsko"]
[Date "1993.??.??"]
[Round "?"]
[White "Stodola, Jaroslav Jr"]
[Black "Efler, Lukas"]
[Result "0-1"]
[WhiteElo "2230"]
[BlackElo "2255"]

1.e4 c5 2.Nf3 e6 3.d4 cxd4 4.Nxd4 a6 5.Nc3 Qc7 6.Be2 Nc6 7.Be3 Nf6 8.O-O Be7
9.f4 d6 10.Qe1 Nxd4 11.Bxd4 e5 12.Be3 b5 13.a3 Bb7 14.Bf3 O-O 15.Rd1 Qc4
16.Be2 Qc7 17.Bd3 Rad8 18.Rf3 Ng4 19.Nd5 Bxd5 20.exd5 f5 21.fxe5 dxe5 22.Bd2 e4
23.Rf4 Bc5+ 24.Kh1 exd3 25.h3 Rde8 26.Qf1 dxc2 27.Rc1 Be3 28.hxg4 Bxd2  0-1

[Event "Hlinsko op"]
[Site "Hlinsko"]
[Date "1993.??.??"]
[Round "?"]
[White "Pribyl, Martin"]
[Black "Hausner, Ivan"]
[Result "1-0"]
[WhiteElo "2300"]
[BlackElo "2465"]

1.e4 c5 2.Nf3 e6 3.d4 cxd4 4.Nxd4 a6 5.Nc3 Qc7 6.Be2 Bb4 7.O-O Nf6 8.Bg5 Bxc3
9.Bxf6 gxf6 10.bxc3 Qxc3 11.Rb1 Nc6 12.Nxc6 bxc6 13.Rb3 Qc5 14.Qd2 Rg8 15.Rfb1 Ke7
16.Bf1 a5 17.Rc3 Qd6 18.Rd3 Qe5 19.Re1 Rb8 20.f4 Qc5+ 21.Kh1 Rb2 22.Rc3 Qd6
23.Qe3 Qb4 24.e5 fxe5 25.fxe5 Ke8 26.Rc4 Qb6 27.Qf3 Rb4 28.Rc3 Qd4 29.a3 Rb2
30.Rc4 Qd2 31.Rd1 Qg5 32.Qc3 Rb5 33.Rxc6 dxc6 34.Qxc6+ Kf8 35.Bxb5 Kg7 36.Qe4 Kh8
37.Bd3 Qh5 38.Rf1 Bd7 39.h3 Rc8 40.Qf4 Bc6 41.Qf6+ Kg8 42.Kh2  1-0

[Event "HUN-chT"]
[Site "HUN"]
[Date "1993.??.??"]
[Round "?"]
[White "Horvath, Tamas"]
[Black "Portisch, Lajos"]
[Result "0-1"]
[WhiteElo "2425"]
[BlackElo "2595"]

1.e4 c5 2.Nf3 e6 3.d4 cxd4 4.Nxd4 a6 5.Nc3 Qc7 6.g3 Bb4 7.Bd2 Nf6 8.Bg2 Be7
9.O-O d6 10.a4 Nc6 11.Nxc6 bxc6 12.a5 Bb7 13.Na4 Nd7 14.f4 O-O 15.c4 c5 16.g4 Bf6
17.Bc3 Bxc3 18.Nxc3 Rab8 19.Rf2 Rfd8 20.Rd2 Nf8 21.f5 Qe7 22.Na4 Nd7 23.fxe6 fxe6
24.Rxd6 Ne5 25.Rxd8+ Rxd8 26.Qe2 Bc6 27.Nc3 Qg5 28.Rd1 Rxd1+ 29.Nxd1 Nxg4
30.h3 Ne5 31.Qe3 Qd8 32.Nf2 Qxa5 33.Nd3 Nxd3 34.Qxd3 Qc7 35.Qa3 Qb6 36.Qc3 Be8
37.Qe5 Bf7 38.h4 h6 39.Bh3 a5 40.Bg4 Kh8 41.Bh3 a4 42.Bg4 Bg8 43.Bh3 Qb7
44.Bg4 Qe7 45.Qh2 e5  0-1

[Event "HUN-chT"]
[Site "HUN"]
[Date "1993.??.??"]
[Round "?"]
[White "Glatt, Gabor"]
[Black "Pogats, Jozsef"]
[Result "1/2-1/2"]
[WhiteElo "2295"]
[BlackElo "2260"]

1.e4 c5 2.Nf3 e6 3.d4 cxd4 4.Nxd4 a6 5.Nc3 Qc7 6.Bd3 Nf6 7.O-O d6 8.a4 b6
9.f4 Bb7 10.Qe2 Nbd7 11.Bd2 Be7 12.b4 O-O 13.Rae1 Rfd8 14.Bc4 Nf8 15.f5 e5
16.Nf3 Rdc8 17.Bb3 h6 18.Nh4 a5 19.Ng6 axb4 20.Nb5 Qd7 21.Nxe7+ Qxe7 22.Qd3 Ba6
23.Bxb4 Bxb5 24.axb5 Rd8 25.Rd1 Qb7 26.Bd5 Nxd5 27.Qxd5 Qxd5 28.Rxd5 Ra4
29.c3 Nh7 30.Rfd1 Nf6 31.Rxe5 Ng4 32.Re7 Ne3 33.Rxd6 Rxd6 34.Bxd6 Ra2 35.Re8+ Kh7
36.Bf4 Rxg2+ 37.Kh1 Re2 38.Bxe3 Rxe3 39.c4 f6 40.Kg2 Rc3 41.Rc8 Re3 42.Rc6 Rxe4
43.Kf3 Rh4 44.Ke3 h5 45.Kd3 Rxh2 46.Rxb6 h4 47.Re6 g5 48.fxg6+ Kxg6 49.Re2 Rh3+
50.Re3 Rh1 51.c5 h3 52.c6 h2 53.Rh3 Rd1+ 54.Ke4 h1=Q+ 55.Rxh1 Rxh1 56.c7 Rc1
57.b6 Kf7 58.b7 Rxc7 59.b8=Q Re7+ 60.Kd5 Re5+ 61.Kd4 Kg7 62.Qc8 Rg5 63.Ke4 Re5+
64.Kf4 Re7 65.Qg4+ Kf7 66.Qh5+ Kg7 67.Qd5 Re5 68.Qb7+ Kg6 69.Qd7 Rg5 70.Qe8+ Kg7
71.Qe7+ Kg6 72.Qf8 Rf5+ 73.Ke4 Re5+ 74.Kd4 Re1 75.Qg8+ Kf5 76.Qh7+ Ke6 77.Qh3+ Kf7
78.Qb3+ Re6 79.Qc4 Ke7 80.Qc7+ Kf8 81.Kd3 Re5  1/2-1/2

[Event "HUN-chT"]
[Site "HUN"]
[Date "1993.??.??"]
[Round "?"]
[White "Horvath, Tamas"]
[Black "Bauer, Tamas"]
[Result "1-0"]
[WhiteElo "2425"]
[BlackElo "2335"]

1.e4 c5 2.Nf3 e6 3.Nc3 a6 4.d4 cxd4 5.Nxd4 b5 6.Bd3 Bb7 7.O-O Qc7 8.Qe2 Nf6
9.Bd2 Be7 10.Rae1 d6 11.a4 b4 12.Na2 Qb6 13.Nb3 Nc6 14.Kh1 O-O 15.Nxb4 a5
16.Nxc6 Bxc6 17.Ra1 Bd8 18.f3 Bc7 19.Be3 Qb7 20.Nd4 d5 21.Nxc6 Qxc6 22.Bg5 dxe4
23.fxe4 Be5 24.Bxf6 gxf6 25.Qh5 Kh8 26.Rf3 Qc7 27.Raf1  1-0

[Event "HUN-ch (Women)"]
[Site "HUN"]
[Date "1993.??.??"]
[Round "8"]
[White "Lendvai, Edit"]
[Black "Veroci, Zsuzsa"]
[Result "0-1"]
[WhiteElo "2095"]
[BlackElo "2325"]

1.e4 c5 2.Nf3 e6 3.d4 cxd4 4.Nxd4 a6 5.Nc3 Qc7 6.g3 Bb4 7.Ne2 Nf6 8.Bg2 Be7
9.O-O Nc6 10.Nd4 O-O 11.Be3 Ne5 12.Bf4 d6 13.Bc1 Bd7 14.f4 Nc6 15.Kh1 Nxd4
16.Qxd4 Bc6 17.a4 Rad8 18.Be3 d5 19.Qb6 Qc8 20.exd5 Nxd5 21.Nxd5 Bxd5 22.c3 Rd6
23.Qa7 Bxg2+ 24.Kxg2 Qc6+ 25.Kg1 Rfd8 26.Qc5 Qe4 27.Bf2 R6d7 28.Qe3 Qc4 29.Qf3 Rd5
30.Bd4 Bc5 31.Bxc5 Qxc5+ 32.Kh1 Qc4 33.Rfd1 Qb3 34.Rxd5 Rxd5 35.Rb1 Qxa4
36.Re1 Qc2 37.Re2 Qd1+ 38.Kg2 Rd2 39.Rxd2 Qxd2+ 40.Qf2 Qxf2+ 41.Kxf2 Kf8
42.Ke3 Ke7 43.Kd4 Kd6 44.c4 b6 45.b3 a5 46.g4 f6 47.g5 Kc6 48.h4 Kd6 49.h5 h6
50.g6 Kc6 51.Ke4 Kc5 52.f5 e5 53.Kd3 Kb4 54.Ke4 a4 55.bxa4 Kxc4 56.Ke3 Kd5  0-1

[Event "ISL-ch"]
[Site "?"]
[Date "1993.??.??"]
[Round "5"]
[White "Jonsson, Bjorgvin"]
[Black "Thorhallsson, Throstur"]
[Result "1/2-1/2"]
[WhiteElo "2405"]
[BlackElo "2440"]

1.e4 c5 2.Nf3 e6 3.d4 cxd4 4.Nxd4 a6 5.Nc3 d6 6.Be3 Nf6 7.f3 Nc6 8.Qd2 Be7
9.g4 O-O 10.O-O-O Nxd4 11.Bxd4 Nd7 12.h4 b5 13.g5 Bb7 14.a3 Ne5 15.Rh3  1/2-1/2

[Event "Jakarta Interzonal (Women)"]
[Site "Jakarta"]
[Date "1993.??.??"]
[Round "?"]
[White "Wang Pin"]
[Black "Cramling, Pia"]
[Result "1/2-1/2"]
[WhiteElo "2335"]
[BlackElo "2525"]

1.e4 c5 2.Nf3 e6 3.d4 cxd4 4.Nxd4 a6 5.Nc3 Qc7 6.Be2 b5 7.O-O Bb7 8.Re1 Nc6
9.Nxc6 dxc6 10.e5 Bb4 11.Bd3 Ne7 12.Qg4 Bxc3 13.bxc3 c5 14.a4 c4 15.Be4 O-O
16.Ba3 Rfe8 17.Bd6 Qd7 18.Bxe7 Qxe7 19.Qf3 Rab8 20.axb5 axb5 21.Red1 Bxe4
22.Qxe4 Red8 23.g3 g6 24.Qc6 Rxd1+ 25.Rxd1 Qb7 26.Qxb7 Rxb7 27.Rd8+ Kg7 28.Kf1 Ra7
29.Ke2 Ra1 30.Rb8 Rc1 31.Kd2 Rb1 32.h4 h6 33.Rb7 g5 34.hxg5 hxg5 35.Ke2 Kg6
36.Kd2 Rf1 37.Ke2 Rc1 38.Kd2 Rb1 39.Ke2 f6 40.exf6 Kxf6 41.Rb8 Rc1 42.Kd2 Rf1
43.Ke2 Rc1  1/2-1/2

[Event "Jakarta zt"]
[Site "Jakarta"]
[Date "1993.??.??"]
[Round "5"]
[White "Nishimura, Hiroyuki"]
[Black "Gunawan, Ronny"]
[Result "0-1"]
[WhiteElo "2325"]
[BlackElo "2420"]

1.e4 c5 2.Nf3 e6 3.Nc3 a6 4.d4 cxd4 5.Nxd4 Qc7 6.Be2 Nf6 7.O-O Bb4 8.Qd3 Nc6
9.Nxc6 bxc6 10.Bg5 Be7 11.f4 d5 12.e5 Ng8 13.Qg3 Qb6+ 14.Kh1 Qxb2 15.Bf6 Nxf6
16.Qxg7 Rf8 17.Na4 Qb4 18.c3 Qxa4 19.exf6 Bd6 20.Rae1 Bd7 21.Bh5 Qc2 22.f5 O-O-O
23.Bxf7 exf5 24.c4 Qxc4 25.Rc1 Qh4  0-1

[Event "Katowice op"]
[Site "Katowice"]
[Date "1993.??.??"]
[Round "2"]
[White "Flis, Jacek"]
[Black "Poluljahov, Aleksandr"]
[Result "0-1"]
[WhiteElo "2345"]
[BlackElo "2515"]

1.e4 c5 2.Nf3 e6 3.d4 cxd4 4.Nxd4 a6 5.Nc3 d6 6.Be2 Nf6 7.O-O Be7 8.f4 Qc7
9.Kh1 O-O 10.Qe1 Nbd7 11.Bf3 Re8 12.g4 Nb6 13.g5 Nfd7 14.Qg3 Bf8 15.Bg2 Nc4
16.b3 Na5 17.Bb2 b5 18.Rae1 Bb7 19.f5 Nc6 20.fxe6 fxe6 21.Nxc6 Qxc6 22.g6 hxg6
23.Qxg6 Ne5 24.Qg3 Rac8 25.Ne2 Qxc2 26.Bxe5 dxe5 27.Qg6 Re7 28.Ng3 Qd2 29.Nh5 Kh8
30.Rd1 Qh6 31.Qg4 Rec7 32.Rd3 Rc1 33.Rh3 Kg8 34.Rf3 Be7 35.Nf6+ Bxf6 36.Qxe6+ Kf8
37.Qd6+ Ke8 38.Qe6+ Kf8 39.Qd6+ Kg8 40.Qe6+ Kh8 41.Rh3 Bh4 42.Qxh6+ gxh6
43.Rxh4 Rxf1+ 44.Bxf1 Kg7 45.a4 Rc1 46.Kg1 bxa4 47.bxa4 Ra1 48.Kf2 Rxa4 49.Bd3 Ra3
50.Ke2 Bc8 51.Kd2 Rxd3+  0-1

[Event "Katowice op"]
[Site "Katowice"]
[Date "1993.??.??"]
[Round "3"]
[White "Magomedov, Magaram"]
[Black "Kazek, Krzysztof"]
[Result "1/2-1/2"]
[WhiteElo "2440"]
[BlackElo "2295"]

1.e4 c5 2.Nf3 e6 3.Nc3 a6 4.d4 cxd4 5.Nxd4 Qc7 6.g3 Bb4 7.Ne2 Nf6 8.Bg2 Be7
9.O-O O-O 10.h3 Nc6 11.g4 d6 12.Ng3 b5 13.a3 Bb7 14.g5 Nd7 15.f4 Rfe8 16.f5 Bf8
17.fxe6 fxe6 18.Nce2 a5 19.h4 g6 20.Nf4 Bg7 21.Bh3 Nf8 22.c3 Ne5 23.Qe2 Ba6
24.Qf2 b4 25.Nge2 bxc3 26.bxc3 Nd3 27.Qf3 Ne5 28.Qg3 Rab8 29.Rf2 Nc4 30.Nd4 Bc8
31.a4 Bd7 32.Bf1 Rb6 33.Qd3 Ne5 34.Qh3 Nc4 35.Qd3 Ne5 36.Qh3 Nc4 37.Qd3  1/2-1/2

[Event "Katowice op"]
[Site "Katowice"]
[Date "1993.??.??"]
[Round "5"]
[White "Levchenkov, Vitaly S"]
[Black "Voloshin, Leonid"]
[Result "1-0"]
[WhiteElo "2250"]
[BlackElo "2420"]

1.e4 c5 2.Nf3 e6 3.d4 cxd4 4.Nxd4 a6 5.Nc3 Qc7 6.Be2 Nf6 7.O-O Nc6 8.Be3 Be7
9.f4 d6 10.Qe1 O-O 11.Qg3 Nxd4 12.Bxd4 b5 13.e5 dxe5 14.fxe5 Bc5 15.Bxc5 Qxc5+
16.Kh1 Nd7 17.Bf3 Rb8 18.Rae1 b4 19.Nd1 Rb5 20.c3 bxc3 21.Nxc3 Ra5 22.Re4 Qc7
23.Rfe1 Bb7 24.Rg4 g6 25.Bxb7 Qxb7 26.Re2 Rc8 27.h4 Qc7 28.Rg5 Kg7 29.h5 Rc5
30.Re4 Rc4 31.Rgg4 Rxe4 32.Rxe4 Qb8 33.Qf2 Rc5 34.h6+ Kg8 35.Rd4 Rc7 36.Qd2 Nf8
37.Ne4 Rc8 38.Nf6+ Kh8 39.Rd6 Qc7 40.Kh2 Qc5 41.Qf4 Qc2 42.Ne4 f5 43.Qg5 Qc7
44.Qf6+ Kg8 45.Rc6 fxe4 46.Rxc7 Rxc7 47.Qh4 e3 48.Qe4 a5 49.Qxe3 Rd7 50.Qf4 Rc7
51.Qf6 a4 52.Qh4 Ra7 53.Kg1 g5 54.Qxg5+ Ng6 55.Qd8+ Nf8 56.Qd4 Ra5 57.Qb4 Rxe5
58.Qe7 Re1+ 59.Kf2  1-0

[Event "Katowice op"]
[Site "Katowice"]
[Date "1993.??.??"]
[Round "6"]
[White "Siekanska, Izabela"]
[Black "Erneste, Inguna"]
[Result "0-1"]
[WhiteElo "2105"]
[BlackElo "2365"]

1.e4 c5 2.Nf3 e6 3.d4 cxd4 4.Nxd4 a6 5.Nc3 d6 6.Be2 Nf6 7.a4 Nbd7 8.f4 Nc5
9.Bf3 e5 10.Nde2 Qc7 11.O-O Be7 12.a5 b6 13.axb6 Qxb6 14.Be3 Qc7 15.fxe5 dxe5
16.b4 Ncd7 17.Nd5 Nxd5 18.exd5 Rb8 19.c3 O-O 20.Bg4 Qc4 21.Bxd7 Bxd7 22.d6 Bd8
23.Qd2 f5 24.Rad1 Be6 25.Bc5 a5 26.Qd3 Qg4 27.Rf2 axb4 28.cxb4 Kh8 29.Qg3 Bh4
30.Qxg4 Bxf2+ 31.Kxf2 fxg4+ 32.Kg3 h5 33.Nc3 Bd7 34.Nd5 g5 35.h4 gxh3 36.gxh3 h4+
37.Kg2 Ra8 38.Nb6 Ra2+ 39.Kg1 Bc6 40.b5 Be4  0-1

[Event "Katowice op"]
[Site "Katowice"]
[Date "1993.??.??"]
[Round "9"]
[White "Gipslis, Aivars"]
[Black "Voloshin, Leonid"]
[Result "1-0"]
[WhiteElo "2490"]
[BlackElo "2420"]

1.e4 c5 2.Nf3 e6 3.Nc3 a6 4.d4 cxd4 5.Nxd4 Qc7 6.g3 Nf6 7.Bg2 Be7 8.O-O O-O
9.Be3 Nc6 10.Qe2 d6 11.a4 Bd7 12.Nxc6 Bxc6 13.a5 Rac8 14.Bb6 Qb8 15.Rfb1 Rfe8
16.b4 Bd8 17.Bd4 Bd7 18.Ra3 e5 19.Be3 Be6 20.b5 Bc4 21.Qd2 Be7 22.bxa6 Bxa6
23.Nd5 Nxd5 24.Qxd5 Qc7 25.Bf1 Qxc2 26.Rab3 h5 27.Rxb7 Bxb7 28.Rxb7 Rc3 29.a6 Rxe3
30.fxe3 Kh7 31.Qxf7 Rf8 32.Qxh5+ Kg8 33.Qe2 Rxf1+ 34.Kxf1 Qxe4 35.Rxe7 Qb1+
36.Kf2 Qf5+ 37.Kg1 Qb1+ 38.Qf1 Qb3 39.Qf7+ Qxf7 40.Rxf7 Kxf7 41.a7  1-0

[Event "Komotini GP"]
[Site "Komotini"]
[Date "1993.??.??"]
[Round "4"]
[White "Kofidis, Andreas"]
[Black "Tsevremes, Ioannis"]
[Result "1-0"]
[WhiteElo "2400"]
[BlackElo "2175"]

1.e4 c5 2.Nf3 e6 3.d4 cxd4 4.Nxd4 a6 5.Nc3 Qc7 6.Bd3 b5 7.O-O Bb7 8.Kh1 Nf6
9.Qe2 Nc6 10.Be3 Ne5 11.f4 Nc4 12.Bc1 Bc5 13.Nf3 d5 14.e5 Ng4 15.Nd1 Qb6
16.b3 Nce3 17.b4 Bd4 18.Nxd4 Nxf1 19.Qxg4 Qxd4 20.Bb2 Qxb4 21.Bc3 Qc5 22.Qxg7 O-O-O
23.Bxf1 d4 24.Be1 Qc7 25.Qg3 Qxc2 26.Qa3 Kb8 27.Rc1 Qe4 28.Bg3 h5 29.Nf2 Qf5
30.Bd3  1-0

[Event "Komotini GP"]
[Site "Komotini"]
[Date "1993.??.??"]
[Round "7"]
[White "Brustman, Agnieszka"]
[Black "Stefansson, Hannes"]
[Result "1/2-1/2"]
[WhiteElo "2280"]
[BlackElo "2500"]

1.e4 c5 2.Nf3 e6 3.d4 cxd4 4.Nxd4 a6 5.Nc3 Qc7 6.Bd3 Bd6 7.Nf3 Nc6 8.Qe2 Nge7
9.Be3 Ng6 10.O-O-O Nf4 11.Bxf4 Bxf4+ 12.Kb1 Ne5 13.Nd4 Nxd3 14.Rxd3 O-O 15.g3 Bh6
16.f4 d6 17.Rhd1 b5 18.a3 g6 19.h4 Rb8 20.h5 b4 21.axb4 Rxb4 22.Nb3 a5 23.Rxd6 a4
24.R6d4 Rxd4 25.Nxd4 g5 26.e5 Bb7 27.Nxa4 Rb8 28.Nb3 Bd5 29.Nc3 Bxb3 30.cxb3 gxf4
31.gxf4 Qb7 32.f5 Qxb3 33.fxe6 fxe6 34.Rd7 Kh8 35.Qf2 Bf4 36.Qc2 Qxc2+ 37.Kxc2 Bxe5
38.Re7 Rb6 39.h6 Kg8 40.Kd3 Bf6 41.Ra7 Rd6+ 42.Ke2 Rd4 43.Ra4 Rd7 44.Ne4 Be7
45.b4 Kf7 46.b5 Rb7 47.Nc3 Kg6 48.Ra6 Kf5 49.b6 Bf6 50.Na4 Bd4 51.Kd3 Bxb6  1/2-1/2

[Event "Kalakukko op"]
[Site "Kuopio"]
[Date "1993.??.??"]
[Round "3"]
[White "Vetemaa, Juri"]
[Black "Vooremaa, Andres"]
[Result "1/2-1/2"]
[WhiteElo "2385"]
[BlackElo "2335"]

1.e4 c5 2.Nf3 e6 3.d4 cxd4 4.Nxd4 a6 5.Nc3 Qc7 6.g3 Bb4 7.Qd3 Nc6 8.Nxc6 Qxc6
9.Bd2 Nf6 10.Bg2 b5 11.O-O Bb7 12.Rae1  1/2-1/2

[Event "Las Palmas op"]
[Site "Las Palmas"]
[Date "1993.??.??"]
[Round "?"]
[White "Campora, Daniel H"]
[Black "Kurajica, Bojan"]
[Result "1/2-1/2"]
[WhiteElo "2540"]
[BlackElo "2550"]

1.e4 c5 2.Nf3 e6 3.d4 cxd4 4.Nxd4 a6 5.Nc3 Qc7 6.g3 b5 7.Bg2 b4 8.Na4 d6
9.a3 e5 10.Ne2 a5 11.Be3 Nd7 12.axb4 axb4 13.c3 Ngf6 14.O-O Qb8 15.cxb4 Qxb4
16.Bd2 Qb8 17.b4 Be7 18.Qb1 Ba6 19.Nac3 O-O 20.b5 Bb7 21.Qb4 Rc8 22.Bh3 Bf8
23.Qb2 Rc7 24.b6 Rc4 25.Be3 d5 26.Nxd5 Nxd5 27.exd5  1/2-1/2

[Event "Las Palmas2"]
[Site "Las Palmas"]
[Date "1993.??.??"]
[Round "?"]
[White "Barlov, Dragan"]
[Black "Urday, Henry"]
[Result "1/2-1/2"]
[WhiteElo "2480"]
[BlackElo "2465"]

1.e4 c5 2.Nf3 e6 3.Nc3 a6 4.d4 cxd4 5.Nxd4 Qc7 6.g3 Bb4 7.Bd2 Nc6 8.Nxc6 bxc6
9.Qg4 Bf8 10.Bg2 Nf6 11.Qe2 a5 12.f4 Ba6 13.Qf3 d5 14.g4 Bb4 15.a3 Be7 16.g5 Nd7
17.h4 Rb8 18.Nd1 O-O 19.Qc3 Rb5 20.Be3 Bc5 21.Bf1 Bxe3 22.Qxe3 Rb6 23.Bxa6 Rxa6
24.O-O Rb6 25.b3 c5 26.Nf2 c4 27.Rfd1 cxb3 28.cxb3 Qc5 29.Qxc5 Nxc5 30.exd5 Nxb3
31.Rab1 a4 32.Rd3 exd5 33.Rxd5 Rc6 34.Re1 h6 35.Re4 hxg5 36.hxg5 Ra8 37.Re7 Nc5
38.Rf5 Ne6 39.Rfxf7 Rf8 40.Rxf8+ Kxf8 41.Ra7 Rc4 42.Nd3 Nxf4  1/2-1/2

[Event "Las Palmas Pirez"]
[Site "Las Palmas"]
[Date "1993.??.??"]
[Round "2"]
[White "Menvielle Lacourrelle, Augusto"]
[Black "Kurajica, Bojan"]
[Result "1/2-1/2"]
[WhiteElo "2305"]
[BlackElo "2550"]

1.e4 c5 2.Nf3 e6 3.d4 cxd4 4.Nxd4 a6 5.Nc3 Qc7 6.g3 Bb4 7.Bd2 Nc6 8.Nxc6 bxc6
9.Bg2 Nf6 10.O-O Be7 11.Re1 d5 12.e5 Nd7 13.Qg4 g6 14.Nd1 O-O 15.Bh6 f5 16.exf6 Nxf6
17.Qe2 Rf7 18.c4 Bd7 19.Rc1 Qa7 20.Nc3 Bc5 21.Na4 Bd4 22.Be3 Bxe3 23.Qxe3 d4
24.Qa3 Ng4 25.Rf1 e5 26.Qc5 Bf5 27.h3 Nf6 28.g4 Be4 29.f3 Bd3 30.Rfd1 e4
31.Qxa7 Raxa7 32.fxe4 Bxe4 33.Rxd4 Bxg2 34.Kxg2 Rae7 35.Nc3 c5 36.Rd6 Ne4
37.Nxe4 Rxe4 38.Rc2 Re3 39.Rxa6 Rff3 40.Rf2 Rxh3 41.Rc6 Reg3+ 42.Kf1 Rh1+
43.Ke2 Rb1 44.Rc8+ Kg7 45.Rc7+ Kg8 46.Rb7 Rxg4 47.Kd3 Rd1+ 48.Kc2 Rd8 49.b3 h5
50.Rff7 Rg2+ 51.Kc1 Rg1+ 52.Kc2 Rg2+ 53.Kc1  1/2-1/2

[Event "Las Vegas op"]
[Site "Las Vegas"]
[Date "1993.??.??"]
[Round "6"]
[White "Minasian, Artashes"]
[Black "Lein, Anatoly"]
[Result "1-0"]
[WhiteElo "2545"]
[BlackElo "2460"]

1.e4 c5 2.Nf3 e6 3.d4 cxd4 4.Nxd4 a6 5.Nc3 Qc7 6.Bd3 Nf6 7.O-O Bc5 8.Nb3 Be7
9.f4 d6 10.Qf3 Nbd7 11.Bd2 b6 12.Qg3 g6 13.Rae1 Bb7 14.Kh1 h5 15.Nd4 O-O-O
16.Nf3 Kb8 17.Ng5 Rdf8 18.Qf3 Ng4 19.Nh3 Bh4 20.Ra1 Rc8 21.Qe2 Nc5 22.b4 Nxd3
23.cxd3 f5 24.Rac1 Qd7 25.Ng1 d5 26.Nf3 Be7 27.exd5 exd5 28.Ne5 Qe6 29.Na4 Nxe5
30.Qxe5+ Qxe5 31.fxe5 Rxc1 32.Rxc1 Bd8 33.Be3 Ka7 34.Bd4 Re8 35.Nc3 Bg5 36.Rc2 Rc8
37.a4 Be7 38.Rb2 Ka8 39.Kg1 f4 40.Ne2 g5 41.Bxb6 d4 42.Kf2 Rd8 43.Nxd4 g4
44.Ne6 Rg8 45.d4 h4 46.Bc5 g3+ 47.Kg1 Bg5 48.hxg3 hxg3 49.Nxg5 Rxg5 50.e6 f3
51.gxf3 Bxf3 52.Rb3 Bd5 53.e7 Rg8 54.Re3  1-0

[Event "Leeuwarden op"]
[Site "Leeuwarden"]
[Date "1993.??.??"]
[Round "1"]
[White "Bos Swiecik, Iwona"]
[Black "Bosboom, Manuel"]
[Result "1-0"]
[WhiteElo "2210"]
[BlackElo "2440"]

1.e4 c5 2.Nf3 e6 3.d4 cxd4 4.Nxd4 a6 5.Nc3 Qc7 6.Be2 Nf6 7.O-O d6 8.f4 Be7
9.Kh1 O-O 10.Be3 b5 11.Bf3 Bb7 12.e5 dxe5 13.fxe5 Nfd7 14.Bf4 Nc6 15.Nxc6 Bxc6
16.Qe2 Rfc8 17.Rad1 Nf8 18.Bg3 Ng6 19.Ne4 Nxe5 20.Nc3 Bxf3 21.Rxf3 Bf6 22.Re3 b4
23.Nb1 Qxc2 24.Bxe5 Qxe2 25.Rxe2 Bxe5 26.Rxe5 Rc2 27.Ra5 g6 28.b3 Rb2 29.h3 h5
30.Kh2 Kg7 31.Nd2 Rd8 32.Nc4 Rxg2+ 33.Kxg2 Rxd1 34.Rxa6 Rc1 35.Ra7 Rc2+ 36.Kf1 Kf6
37.Nd6 Kg5 38.Nxf7+ Kh4 39.Ne5 g5 40.Nf3+ Kxh3 41.Nxg5+ Kg3 42.Nxe6 h4 43.Rg7+ Kh2
44.Nf4 h3 45.Rh7 Kg3 46.Ne2+ Kg4 47.Rg7+ Kh4 48.Ra7 Kg4 49.Kf2 Rb2 50.Rg7+ Kf5
51.Rh7 Kg4 52.Rg7+ Kf5 53.Rg3 h2 54.Rh3 Rxa2 55.Rxh2 Rb2 56.Rh3 Ke4 57.Re3+ Kd5
58.Rd3+ Kc5 59.Ke3 Rb1 60.Ke4 Re1 61.Re3  1-0

[Event "Leon"]
[Site "Leon"]
[Date "1993.??.??"]
[Round "8"]
[White "Sion Castro, Marcelino"]
[Black "Vyzmanavin, Alexey"]
[Result "0-1"]
[WhiteElo "2390"]
[BlackElo "2620"]

1.e4 c5 2.Nf3 e6 3.d4 cxd4 4.Nxd4 a6 5.Nc3 Qc7 6.Bd3 b5 7.O-O Bb7 8.Re1 Nc6
9.Nxc6 Qxc6 10.Bd2 Nf6 11.a4 b4 12.Na2 Qb6 13.a5 Qxa5 14.Nxb4 Qb6 15.c3 Bc5
16.Be3 Bxe3 17.Rxe3 a5 18.Nc2 d6 19.Nd4 O-O 20.Qd2 Rfd8 21.Rae1 Qc5 22.Rg3 g6
23.e5 dxe5 24.Qg5 Qf8 25.Rxe5 Qg7 26.Rxa5 Rxa5 27.Qxa5 Ra8 28.Qb6 Ra1+ 29.Bf1 Ba6
30.Nb5 Qh6 31.Rf3 Rxf1+ 32.Kxf1 Qc1+ 33.Ke2 Qxb2+ 34.Ke1 Bxb5  0-1

[Event "Liechtenstein op"]
[Site "Liechtenstein"]
[Date "1993.??.??"]
[Round "5"]
[White "Lane, Gary W"]
[Black "Wohlfahrt, Herbert J"]
[Result "1-0"]
[WhiteElo "2430"]
[BlackElo "2240"]

1.e4 c5 2.Nf3 e6 3.d4 cxd4 4.Nxd4 a6 5.Nc3 b5 6.f4 Bc5 7.Nb3 Ba7 8.Bd3 Nc6
9.Qe2 Nge7 10.Be3 Ng6 11.O-O O-O 12.Kh1 Re8 13.e5 d5 14.exd6 f5 15.Rad1 e5
16.Bxa7 Rxa7 17.fxe5 Rxe5 18.Qf2 Rd7 19.Nd4 Nxd4 20.Qxd4 Qg5 21.Rf2 Bb7 22.Bf1 Re6
23.Qc5 Nh4 24.a4 Rg6 25.Rdd2 Rdxd6 26.Rxd6 Nxg2 27.Rxg6 Nh4+ 28.Rc6 h6 29.Nd5 Kh7
30.Rc7 Ba8 31.Ra7  1-0

[Event "Liechtenstein op"]
[Site "Liechtenstein"]
[Date "1993.??.??"]
[Round "8"]
[White "Mainka, Romuald"]
[Black "Beilfuss, Wilfried"]
[Result "1-0"]
[WhiteElo "2515"]
[BlackElo "2250"]

1.e4 c5 2.Nf3 e6 3.d4 cxd4 4.Nxd4 a6 5.Nc3 Qc7 6.Bd3 Nf6 7.O-O Bc5 8.Nb3 Be7
9.f4 d6 10.a4 Nc6 11.a5 b6 12.axb6 Qxb6+ 13.Kh1 O-O 14.Qe2 Nb4 15.Be3 Qb8
16.Na5 Bd8 17.Ra3 Bb6 18.Bxb6 Qxb6 19.e5 Nxd3 20.exf6 Nc5 21.Qh5 Qd8 22.fxg7 Re8
23.Qh6 f5 24.Rf3 Nd7 25.Rh3 Nf6 26.Nc6 Qd7 27.Qxf6 Qxc6 28.Rxh7 Kxh7 29.Nd5  1-0

[Event "Linares NL"]
[Site "Linares"]
[Date "1993.??.??"]
[Round "1"]
[White "Garcia, Gildardo"]
[Black "Zapata, Alonso"]
[Result "1/2-1/2"]
[WhiteElo "2520"]
[BlackElo "2580"]

1.e4 c5 2.Nf3 e6 3.d4 cxd4 4.Nxd4 a6 5.Nc3 b5 6.Be2 Bb7 7.Bf3 Qc7 8.O-O Nc6
9.Nxc6 dxc6 10.a4 Bd6 11.g3 Nf6 12.Qe2 O-O 13.Bg2 b4 14.Nb1 a5 15.Re1 Ba6
16.Qf3 Nd7 17.Nd2 Rad8 18.Bf1 Ne5 19.Qb3 Bxf1 20.Rxf1 Bc5 21.Nc4 Nxc4 22.Qxc4 Qb6
23.c3 Rd7 24.Bf4 b3 25.Kg2 h6  1/2-1/2

[Event "Lippstadt"]
[Site "Lippstadt"]
[Date "1993.??.??"]
[Round "?"]
[White "Lau, Ralf"]
[Black "Hoffmann, Michael"]
[Result "1/2-1/2"]
[WhiteElo "2530"]
[BlackElo "2460"]

1.e4 c5 2.Nf3 e6 3.d4 cxd4 4.Nxd4 a6 5.Nc3 Qc7 6.Bd3 Nc6 7.Be3 b5 8.O-O Bb7
9.Qe2 Nf6 10.f4 Nxd4 11.Bxd4 Bc5 12.Bxc5 Qxc5+ 13.Kh1 b4 14.Nd1 O-O 15.c4 d6
16.Nf2 Rfd8 17.Rac1 a5 18.Bb1 Qc7 19.Qe3 Rac8 20.e5 Nd7 21.exd6 Qxd6 22.Be4 Ba6
23.b3 Nc5  1/2-1/2

[Event "Manresa op"]
[Site "Manresa"]
[Date "1993.??.??"]
[Round "1"]
[White "Garcia, Pio Jesus"]
[Black "Ionescu, Constantin"]
[Result "0-1"]
[WhiteElo "2270"]
[BlackElo "2475"]

1.e4 c5 2.Nc3 e6 3.Nf3 a6 4.d4 cxd4 5.Nxd4 b5 6.a3 Bb7 7.Bf4 d6 8.Bg3 Nf6
9.e5 dxe5 10.Bxe5 Nbd7 11.Bg3 Be7 12.Nf3 O-O 13.Be2 Qb6 14.O-O Rfd8 15.Qd4 Nc5
16.Qh4 Re8 17.Qf4 Nh5 18.Qc7 Qxc7 19.Bxc7 Rac8 20.Bb6 Nf4 21.Rad1 Na4 22.Bxb5 axb5
23.Be3 Nxc3  0-1